000
00292nam a2200109Ia 4500
008
180205s9999 xx 000 0 und d
020
_a
9781138931732
100
_a
Sclater, Niall
245
_a
Learning analytics explained /
260
_a
New york :
_b
Routledge
_c
2017
300
_a
ix, 278 pages
999
_c
354903
_d
354903